Sudden Death click all current German cities (hard) - Statistics

General Stats
  • This quiz has been taken 93 times
  • The average score is 13 of 20
Answers on the Grid
Answers color-coded by a green-red scale on the quiz's grid according to % correct below.
Berlin
Bern
Innsbruck
Osnabrück
Brest
Rostock
Straßbourg
linköping
Potsdam
Stettin
Darmstadt
Bremen
Groningen
Warschau
Nuremburg
München
Hanover
Münster
Salzburg
Regensburg
Wolfsburg
Metz
Mainz
Oldenburg
Orenburg
Trent
Bergen
Kassel
Dresden
Dortmund
Emmen
Chemnitz
Danzig
Königsberg
Hamburg
Brünswick
 
Answer Stats
Answer % Correct
Berlin
95%
Hanover
74%
Dresden
70%
Potsdam
70%
Bremen
69%
Dortmund
69%
München
69%
Hamburg
67%
Nuremburg
67%
Wolfsburg
66%
Rostock
64%
Mainz
62%
Münster
62%
Darmstadt
61%
Osnabrück
57%
Kassel
54%
Regensburg
52%
Oldenburg
49%
Chemnitz
44%
Brünswick
33%
No matching quizzes found
Score Distribution
Percent of People with Each Score
Percentile by Number Answered
Your Score History
You have not taken this quiz